[Event "EYCC 2024 - G16"]
[Site "?"]
[Date "2024.08.28"]
[Round "6.1"]
[White "Tsetskhladze, Mariam"]
[Black "Szczotka, Klara"]
[Result "1/2-1/2"]
[BlackElo "2053"]
[WhiteElo "2040"]
[LiveChessVersion "1.4.8"]

1. e4 {[%clk 1:30:51]} c6 {[%clk 1:30:57]} 2. Nf3 {[%clk 1:30:55]} d5
{[%clk 1:31:23]} 3. Nc3 {[%clk 1:31:20]} Bg4 {[%clk 1:31:22]} 4. h3
{[%clk 1:31:13]} Bxf3 {[%clk 1:31:50]} 5. Qxf3 {[%clk 1:31:30]} e6
{[%clk 1:32:13]} 6. Be2 {[%clk 1:31:37]} Bc5 {[%clk 1:32:15]} 7. Qg3
{[%clk 1:31:17]} Bd4 {[%clk 1:15:04]} 8. exd5 {[%clk 1:30:22]} exd5
{[%clk 1:14:25]} 9. O-O {[%clk 1:30:38]} Ne7 {[%clk 1:14:36]} 10. Bd1
{[%clk 1:30:24]} O-O {[%clk 1:13:36]} 11. Ne2 {[%clk 1:30:40]} Bc5
{[%clk 1:07:50]} 12. d4 {[%clk 1:26:20]} Bd6 {[%clk 1:08:12]} 13. Qf3
{[%clk 1:26:09]} Ng6 {[%clk 1:07:15]} 14. c3 {[%clk 1:24:37]} Nd7
{[%clk 1:05:29]} 15. Bc2 {[%clk 1:21:33]} Qf6 {[%clk 1:04:05]} 16. Qg4
{[%clk 1:20:32]} Qd8 {[%clk 1:01:15]} 17. Bg5 {[%clk 1:14:05]} Be7
{[%clk 1:00:26]} 18. Bxe7 {[%clk 1:09:36]} Qxe7 {[%clk 1:00:45]} 19. Ng3
{[%clk 1:08:30]} Nf6 {[%clk 0:58:27]} 20. Qf3 {[%clk 0:59:59]} Rfe8
{[%clk 0:54:30]} 21. Rae1 {[%clk 0:53:28]} Qc7 {[%clk 0:50:24]} 22. Nf5
{[%clk 0:51:37]} Rxe1 {[%clk 0:43:00]} 23. Rxe1 {[%clk 0:49:41]} Re8
{[%clk 0:42:50]} 24. Rxe8+ {[%clk 0:46:56]} Nxe8 {[%clk 0:43:19]} 25. Qe3
{[%clk 0:38:14]} Qd7 {[%clk 0:40:48]} 26. g3 {[%clk 0:33:05]} Qe6
{[%clk 0:35:08]} 27. h4 {[%clk 0:28:58]} Qxe3 {[%clk 0:31:09]} 28. Nxe3
{[%clk 0:24:46]} Nd6 {[%clk 0:29:24]} 29. Bd3 {[%clk 0:22:41]} Nf8
{[%clk 0:25:25]} 30. Kg2 {[%clk 0:17:55]} h6 {[%clk 0:24:32]} 31. h5 Nd7 32. g4
{[%clk 0:10:52]} Kf8 {[%clk 0:16:27]} 33. Kg3 {[%clk 0:10:40]} Ke7
{[%clk 0:13:54]} 34. Kh4 {[%clk 0:10:09]} Nf8 {[%clk 0:13:09]} 35. f4
{[%clk 0:07:30]} Ne6 {[%clk 0:12:47]} 36. Kg3 {[%clk 0:07:35]} Kf6
{[%clk 0:12:37]} 37. Ng2 {[%clk 0:05:41]} g5 {[%clk 0:10:54]} 38. hxg6
{[%clk 0:03:59]} fxg6 {[%clk 0:11:19]} 39. a4 {[%clk 0:03:39]} b6
{[%clk 0:10:11]} 40. Kf3 {[%clk 0:02:34]} c5 {[%clk 0:08:49]} 41. Ne3
{[%clk 0:01:56]} Nc7 {[%clk 0:07:40]} 42. dxc5 {[%clk 0:02:12]} bxc5
{[%clk 0:08:09]} 43. b4 {[%clk 0:02:12]} cxb4 {[%clk 0:08:02]} 44. cxb4
{[%clk 0:02:41]} g5 {[%clk 0:07:56]} 45. b5 {[%clk 0:01:39]} gxf4
{[%clk 0:08:00]} 46. Kxf4 {[%clk 0:02:06]} Ne6+ {[%clk 0:08:15]} 47. Kf3
{[%clk 0:01:17]} Ke5 {[%clk 0:08:35]} 48. Nf5 {[%clk 0:00:50]} Nxf5
{[%clk 0:07:55]} 49. gxf5 {[%clk 0:01:20]} Nc5 {[%clk 0:08:18]} 50. a5
{[%clk 0:00:33]} Kd6 {[%clk 0:04:18]} 51. Ke3 {[%clk 0:00:34]} d4+
{[%clk 0:04:36]} 52. Kxd4 {[%clk 0:00:46]} Nb3+ {[%clk 0:05:04]} 53. Ke3
{[%clk 0:00:39]} Nxa5 {[%clk 0:05:30]} 54. Kf4 {[%clk 0:00:51]} Nb7
{[%clk 0:03:16]} 55. Bc4 {[%clk 0:00:59]} Nc5 {[%clk 0:03:02]} 56. f6
{[%clk 0:01:04]} Nd7 {[%clk 0:03:18]} 57. Kf5 {[%clk 0:00:54]} h5
{[%clk 0:03:02]} 58. Kg6 {[%clk 0:00:38]} Nxf6 {[%clk 0:02:09]} 59. Kxf6
{[%clk 0:01:02]} h4 {[%clk 0:02:37]} 60. Bf1 {[%clk 0:00:39]} Kc5
{[%clk 0:03:02]} 1/2-1/2

[Event "EYCC 2024 - G16"]
[Site "?"]
[Date "2024.08.28"]
[Round "6.2"]
[White "Yildiz, Elif Zeren"]
[Black "Shvedova, Alexandra"]
[Result "1-0"]
[BlackElo "2219"]
[WhiteElo "1934"]
[LiveChessVersion "1.4.8"]

1. e4 {[%clk 1:30:57]} e5 {[%clk 1:30:52]} 2. Nf3 {[%clk 1:30:46]} Nc6
{[%clk 1:31:15]} 3. Nc3 {[%clk 1:31:05]} Nf6 {[%clk 1:31:26]} 4. Bb5
{[%clk 1:31:26]} Nd4 {[%clk 1:31:27]} 5. O-O {[%clk 1:31:48]} Nxb5
{[%clk 1:31:26]} 6. Nxb5 {[%clk 1:32:16]} c6 {[%clk 1:31:44]} 7. Nc3
{[%clk 1:32:44]} d6 {[%clk 1:32:04]} 8. d4 {[%clk 1:32:57]} Qc7 {[%clk 1:32:25]}
9. Qd3 {[%clk 1:29:11]} Be7 {[%clk 1:30:09]} 10. Bg5 {[%clk 1:26:16]} Bg4
{[%clk 1:25:36]} 11. Nd2 {[%clk 1:22:59]} h6 {[%clk 1:22:01]} 12. Be3
{[%clk 1:20:14]} g5 {[%clk 1:13:50]} 13. a4 {[%clk 1:13:50]} Nh5 {[%clk 1:04:40]}
14. f3 {[%clk 1:05:53]} Bd7 {[%clk 0:55:57]} 15. Nc4 {[%clk 0:58:53]} Nf4
{[%clk 0:50:25]} 16. Qd2 {[%clk 0:57:34]} Rg8 {[%clk 0:41:18]} 17. Rad1
{[%clk 0:44:44]} Rd8 {[%clk 0:34:00]} 18. Kh1 {[%clk 0:36:09]} Be6
{[%clk 0:27:11]} 19. b3 {[%clk 0:33:00]} b6 {[%clk 0:26:00]} 20. g3
{[%clk 0:27:29]} exd4 {[%clk 0:19:55]} 21. Bxd4 {[%clk 0:26:15]} Ng6
{[%clk 0:19:29]} 22. Ne3 {[%clk 0:23:54]} Qc8 {[%clk 0:18:02]} 23. Ne2
{[%clk 0:21:47]} h5 {[%clk 0:16:33]} 24. Qc3 {[%clk 0:18:31]} Kd7
{[%clk 0:12:14]} 25. Nf5 {[%clk 0:16:23]} Kc7 {[%clk 0:11:39]} 26. Nxe7
{[%clk 0:16:02]} Nxe7 {[%clk 0:12:05]} 27. Bf6 {[%clk 0:16:29]} Rd7
{[%clk 0:11:05]} 28. Nd4 {[%clk 0:16:28]} Kb7 {[%clk 0:09:01]} 29. Nxe6
{[%clk 0:16:20]} fxe6 {[%clk 0:09:27]} 30. Bxe7 {[%clk 0:16:47]} Rxe7
{[%clk 0:09:54]} 31. Rxd6 {[%clk 0:17:14]} e5 {[%clk 0:04:49]} 32. Rfd1
{[%clk 0:13:31]} Rf8 {[%clk 0:04:30]} 33. Qd3 {[%clk 0:10:39]} Rff7
{[%clk 0:03:32]} 34. Qe2 {[%clk 0:08:42]} g4 {[%clk 0:03:30]} 35. fxg4
{[%clk 0:08:57]} hxg4 {[%clk 0:03:58]} 36. Rd8 {[%clk 0:08:59]} Qc7
{[%clk 0:03:37]} 37. Qxg4 {[%clk 0:09:04]} Rg7 {[%clk 0:03:39]} 38. Qh5
{[%clk 0:08:36]} Rh7 {[%clk 0:02:53]} 39. Qg6 {[%clk 0:08:35]} Reg7
{[%clk 0:03:06]} 40. Qd6 {[%clk 0:08:41]} Rxg3 {[%clk 0:02:23]} 41. Qxc7+
{[%clk 0:05:46]} Kxc7 {[%clk 0:02:49]} 42. R8d7+ {[%clk 0:06:14]} Rxd7
{[%clk 0:03:12]} 43. Rxd7+ {[%clk 0:06:40]} Kxd7 {[%clk 0:03:38]} 44. hxg3
{[%clk 0:07:07]} Ke6 {[%clk 0:04:05]} 45. Kg2 {[%clk 0:07:34]} Kf6
{[%clk 0:04:31]} 46. g4 {[%clk 0:07:12]} Kg5 {[%clk 0:01:35]} 47. Kg3
{[%clk 0:07:32]} a5 {[%clk 0:01:24]} 48. c4 {[%clk 0:07:01]} c5 {[%clk 0:01:50]}
49. Kh3 {[%clk 0:07:29]} Kf4 {[%clk 0:01:39]} 50. Kh4 {[%clk 0:07:57]} Kxe4
{[%clk 0:02:05]} 51. g5 {[%clk 0:08:25]} Kf5 {[%clk 0:01:23]} 52. Kh5
{[%clk 0:08:52]} e4 {[%clk 0:01:21]} 53. g6 {[%clk 0:09:20]} Kf6 {[%clk 0:01:21]}
54. Kh6 {[%clk 0:09:47]} e3 {[%clk 0:01:40]} 55. g7 {[%clk 0:10:15]} e2
{[%clk 0:02:02]} 56. g8=Q {[%clk 0:10:41]} e1=Q {[%clk 0:02:26]} 57. Qf8+
{[%clk 0:11:09]} 1-0

[Event "EYCC 2024 - G16"]
[Site "?"]
[Date "2024.08.28"]
[Round "6.3"]
[White "Li Chen, Helena Joana"]
[Black "Tirpan, Ceren"]
[Result "0-1"]
[BlackElo "1926"]
[WhiteElo "2057"]
[LiveChessVersion "1.4.8"]

1. e4 {[%clk 1:30:53]} c5 {[%clk 1:30:57]} 2. Nf3 {[%clk 1:31:17]} e6
{[%clk 1:31:23]} 3. d4 {[%clk 1:31:41]} cxd4 {[%clk 1:31:48]} 4. Nxd4
{[%clk 1:32:07]} a6 {[%clk 1:32:14]} 5. c4 {[%clk 1:32:31]} Nf6 {[%clk 1:32:39]}
6. Nc3 {[%clk 1:32:55]} Bb4 7. Qd3 {[%clk 1:33:17]} O-O {[%clk 1:31:34]} 8. e5
{[%clk 1:33:05]} Ne8 {[%clk 1:31:45]} 9. Nc2 {[%clk 1:22:28]} Be7
{[%clk 1:19:06]} 10. Ne4 {[%clk 1:11:00]} d6 {[%clk 1:04:57]} 11. Bf4
{[%clk 1:03:53]} dxe5 {[%clk 0:56:05]} 12. Bxe5 {[%clk 1:04:15]} Nc6
{[%clk 0:54:47]} 13. Bc3 {[%clk 1:04:12]} f5 {[%clk 0:48:46]} 14. Nd2
{[%clk 1:03:37]} Nf6 {[%clk 0:47:20]} 15. O-O-O {[%clk 1:00:08]} Qxd3
{[%clk 0:42:05]} 16. Bxd3 {[%clk 1:00:31]} Ng4 {[%clk 0:42:21]} 17. f4
{[%clk 0:50:22]} Nf2 {[%clk 0:42:20]} 18. Nf3 {[%clk 0:50:15]} Nxh1
{[%clk 0:41:38]} 19. Rxh1 {[%clk 0:50:40]} Rd8 {[%clk 0:37:39]} 20. Be2
{[%clk 0:48:30]} Bf6 {[%clk 0:34:50]} 21. Ne5 {[%clk 0:42:08]} Bd7
{[%clk 0:26:24]} 22. Bf3 {[%clk 0:37:54]} Rac8 {[%clk 0:24:45]} 23. Nxd7
{[%clk 0:36:39]} Rxd7 {[%clk 0:23:12]} 24. Be1 {[%clk 0:36:50]} Nd4
{[%clk 0:23:01]} 25. Nxd4 {[%clk 0:35:59]} Bxd4 {[%clk 0:23:17]} 26. b3
{[%clk 0:35:38]} Be3+ {[%clk 0:20:41]} 27. Kc2 {[%clk 0:35:35]} Bxf4
{[%clk 0:19:42]} 28. Bc3 {[%clk 0:35:43]} Kf7 {[%clk 0:19:49]} 29. g4
{[%clk 0:34:07]} b5 {[%clk 0:13:09]} 30. gxf5 {[%clk 0:28:38]} exf5
{[%clk 0:13:31]} 31. Be2 {[%clk 0:28:43]} Rdc7 {[%clk 0:06:15]} 32. Rf1
{[%clk 0:26:16]} g5 {[%clk 0:05:57]} 33. h4 {[%clk 0:25:52]} h6 {[%clk 0:04:51]}
34. Ba5 {[%clk 0:22:19]} Rc6 {[%clk 0:04:27]} 35. hxg5 {[%clk 0:15:24]} hxg5
{[%clk 0:04:50]} 36. Bd3 {[%clk 0:12:10]} bxc4 {[%clk 0:04:27]} 37. bxc4
{[%clk 0:10:00]} Rxc4+ {[%clk 0:04:48]} 38. Bxc4+ {[%clk 0:08:23]} Rxc4+
{[%clk 0:05:11]} 39. Kb3 {[%clk 0:08:26]} Rc6 {[%clk 0:05:37]} 40. a4
{[%clk 0:06:41]} Kg6 {[%clk 0:05:58]} 41. Bd8 {[%clk 0:06:41]} Bc7
{[%clk 0:06:01]} 42. Be7 {[%clk 0:06:56]} Re6 {[%clk 0:05:54]} 43. Bc5
{[%clk 0:07:17]} g4 {[%clk 0:06:11]} 44. Rd1 {[%clk 0:06:42]} Bb6
{[%clk 0:05:58]} 45. Bd6 {[%clk 0:06:13]} Kg5 {[%clk 0:06:18]} 46. Kc4
{[%clk 0:06:19]} Re4+ {[%clk 0:06:02]} 47. Kd5 {[%clk 0:05:58]} Bf2
{[%clk 0:05:00]} 48. Rc1 {[%clk 0:05:10]} g3 {[%clk 0:04:57]} 49. Rc8
{[%clk 0:05:20]} Kg4 {[%clk 0:04:58]} 50. Rg8+ {[%clk 0:02:58]} Kf3
{[%clk 0:05:19]} 51. a5 {[%clk 0:02:43]} g2 {[%clk 0:04:24]} 52. Bh2
{[%clk 0:02:09]} Rh4 {[%clk 0:04:44]} 53. Rg5 {[%clk 0:01:28]} Rxh2
{[%clk 0:04:58]} 54. Rxf5+ {[%clk 0:01:53]} Kg4 {[%clk 0:05:09]} 55. Rxf2
{[%clk 0:02:05]} g1=Q {[%clk 0:05:33]} 0-1

[Event "EYCC 2024 - G16"]
[Site "?"]
[Date "2024.08.28"]
[Round "6.4"]
[White "Kirtadze, Anastasia"]
[Black "Trunz, Michelle"]
[Result "0-1"]
[BlackElo "2055"]
[WhiteElo "2029"]
[LiveChessVersion "1.4.8"]

1. e4 {[%clk 1:30:57]} c5 {[%clk 1:30:56]} 2. Nf3 {[%clk 1:31:23]} e6
{[%clk 1:31:22]} 3. d4 {[%clk 1:31:11]} cxd4 {[%clk 1:31:48]} 4. Nxd4
{[%clk 1:31:38]} Qb6 {[%clk 1:32:13]} 5. Nb3 {[%clk 1:19:23]} Qc7
{[%clk 1:32:36]} 6. Nc3 {[%clk 1:13:02]} a6 {[%clk 1:32:42]} 7. Bd3
{[%clk 1:08:49]} b5 {[%clk 1:33:03]} 8. O-O {[%clk 1:04:53]} Bb7 {[%clk 1:33:28]}
9. f4 {[%clk 0:59:03]} Nf6 {[%clk 1:26:48]} 10. Qe2 {[%clk 0:54:21]} Be7
{[%clk 1:22:46]} 11. e5 {[%clk 0:47:13]} Nd5 {[%clk 1:23:04]} 12. Nxd5
{[%clk 0:46:05]} Bxd5 {[%clk 1:23:20]} 13. f5 {[%clk 0:45:58]} Nc6
{[%clk 1:16:55]} 14. Bf4 {[%clk 0:43:41]} Qb6+ {[%clk 1:13:31]} 15. Kh1
{[%clk 0:41:10]} Nb4 {[%clk 1:00:30]} 16. Be4 {[%clk 0:29:44]} Rc8
{[%clk 0:57:05]} 17. f6 {[%clk 0:23:46]} gxf6 {[%clk 0:55:54]} 18. exf6
{[%clk 0:23:48]} Bf8 {[%clk 0:49:04]} 19. Bxd5 {[%clk 0:20:10]} Nxd5
{[%clk 0:49:18]} 20. c3 {[%clk 0:17:18]} Rg8 {[%clk 0:43:11]} 21. Rad1
{[%clk 0:16:01]} Qb7 {[%clk 0:39:06]} 22. Bg3 {[%clk 0:14:34]} Bh6
{[%clk 0:33:02]} 23. Rf3 {[%clk 0:13:12]} Rg6 {[%clk 0:31:07]} 24. Nd4 Kf8
{[%clk 0:29:01]} 25. Rdf1 {[%clk 0:02:06]} Kg8 {[%clk 0:26:25]} 26. Rg1
{[%clk 0:00:40]} Bg5 {[%clk 0:25:26]} 27. Rgf1 {[%clk 0:00:35]} Kh8
{[%clk 0:22:53]} 28. Be5 {[%clk 0:00:41]} Rcg8 {[%clk 0:22:30]} 29. R1f2
{[%clk 0:00:36]} Rh6 {[%clk 0:17:14]} 30. Nc2 {[%clk 0:00:36]} Qb6
{[%clk 0:15:55]} 31. Qf1 {[%clk 0:00:36]} Bh4 {[%clk 0:15:30]} 32. g3
{[%clk 0:00:36]} Bg5 {[%clk 0:15:25]} 33. h4 {[%clk 0:00:44]} Be3
{[%clk 0:14:36]} 34. Rh2 {[%clk 0:00:33]} Bc5 {[%clk 0:14:27]} 35. b4
{[%clk 0:00:43]} Bd6 {[%clk 0:14:31]} 36. Bd4 {[%clk 0:00:33]} Qc7
{[%clk 0:14:51]} 37. Ne3 {[%clk 0:00:37]} Bxg3 {[%clk 0:13:15]} 38. Nxd5
{[%clk 0:01:00]} exd5 {[%clk 0:13:43]} 39. Rh3 {[%clk 0:00:57]} Be5
{[%clk 0:12:16]} 40. h5 {[%clk 0:00:34]} Bxd4 {[%clk 0:10:56]} 41. cxd4
{[%clk 0:01:04]} Qc2 {[%clk 0:09:30]} 42. Re3 {[%clk 0:00:35]} Qd2
{[%clk 0:09:02]} 43. Rd3 {[%clk 0:00:35]} Qg5 {[%clk 0:05:56]} 44. Rdg3
{[%clk 0:00:58]} Qxf6 {[%clk 0:05:49]} 45. Rxg8+ {[%clk 0:00:55]} Kxg8
{[%clk 0:06:16]} 46. Qc1 {[%clk 0:00:55]} Rxh5 {[%clk 0:05:03]} 47. Qc8+
{[%clk 0:00:39]} Kg7 {[%clk 0:05:27]} 48. Rxh5 {[%clk 0:01:04]} Qf3+
{[%clk 0:05:52]} 49. Kg1 {[%clk 0:01:31]} Qxh5 {[%clk 0:06:09]} 50. Qxd7
{[%clk 0:01:49]} Qd1+ {[%clk 0:05:54]} 51. Kg2 {[%clk 0:02:14]} Qe2+
{[%clk 0:06:05]} 52. Kg3 {[%clk 0:02:32]} Qe3+ {[%clk 0:06:00]} 53. Kg2
{[%clk 0:02:37]} Qxd4 {[%clk 0:06:18]} 54. Qd8 {[%clk 0:02:27]} Qe4+
{[%clk 0:06:11]} 55. Kg3 {[%clk 0:02:26]} Qe5+ {[%clk 0:05:39]} 56. Kg2
{[%clk 0:02:47]} d4 {[%clk 0:05:58]} 57. Qd7 {[%clk 0:03:06]} Qe4+
{[%clk 0:06:15]} 58. Kf2 {[%clk 0:03:24]} h5 {[%clk 0:05:33]} 59. Qd8
{[%clk 0:03:28]} Qf4+ {[%clk 0:05:34]} 60. Kg2 {[%clk 0:03:46]} h4
{[%clk 0:05:41]} 61. Qd7 {[%clk 0:03:55]} Qe4+ {[%clk 0:04:04]} 62. Kh2
{[%clk 0:04:05]} d3 {[%clk 0:03:38]} 63. Qd8 {[%clk 0:04:19]} Qf4+
{[%clk 0:03:46]} 64. Kg2 {[%clk 0:04:29]} d2 {[%clk 0:04:04]} 65. Qd7
{[%clk 0:04:40]} Qe4+ {[%clk 0:04:15]} 0-1

[Event "EYCC 2024 - G16"]
[Site "?"]
[Date "2024.08.28"]
[Round "6.5"]
[White "Alexandri, Vasiliki"]
[Black "Peglau, Charis"]
[Result "0-1"]
[BlackElo "2031"]
[WhiteElo "1824"]
[LiveChessVersion "1.4.8"]

1. d4 {[%clk 1:30:56]} e6 {[%clk 1:30:55]} 2. c4 {[%clk 1:31:19]} b6
{[%clk 1:31:21]} 3. Nc3 {[%clk 1:30:58]} Bb7 {[%clk 1:31:46]} 4. d5
{[%clk 1:29:11]} Bb4 {[%clk 1:27:53]} 5. g3 {[%clk 1:19:09]} Bxc3+
{[%clk 1:21:56]} 6. bxc3 {[%clk 1:19:33]} Ne7 {[%clk 1:22:04]} 7. Bg2
{[%clk 1:17:50]} O-O {[%clk 1:21:10]} 8. e4 {[%clk 1:14:17]} d6 {[%clk 1:19:10]}
9. Ne2 {[%clk 1:12:41]} e5 {[%clk 1:17:12]} 10. O-O {[%clk 1:11:16]} Nd7
{[%clk 1:15:59]} 11. Be3 {[%clk 1:09:46]} a5 {[%clk 1:15:57]} 12. f4
{[%clk 0:59:02]} Ba6 {[%clk 1:14:24]} 13. Qd3 {[%clk 0:56:52]} f6
{[%clk 1:04:57]} 14. Bh3 {[%clk 0:52:44]} Nc5 {[%clk 1:01:18]} 15. Bxc5
{[%clk 0:52:41]} bxc5 {[%clk 1:01:31]} 16. Rab1 {[%clk 0:48:09]} Nc8
{[%clk 0:57:37]} 17. Bxc8 {[%clk 0:39:48]} Qxc8 {[%clk 0:57:18]} 18. f5
{[%clk 0:40:02]} Qd7 {[%clk 0:57:07]} 19. Rb5 {[%clk 0:31:16]} Bxb5
{[%clk 0:51:34]} 20. cxb5 {[%clk 0:31:44]} a4 {[%clk 0:51:34]} 21. a3
{[%clk 0:30:56]} c4 {[%clk 0:51:13]} 22. Qxc4 {[%clk 0:30:01]} Rfb8
{[%clk 0:51:20]} 23. Rb1 {[%clk 0:27:09]} Ra5 {[%clk 0:50:39]} 24. Rb4
{[%clk 0:24:46]} Rbxb5 {[%clk 0:49:10]} 25. Kf2 {[%clk 0:24:59]} Rc5
{[%clk 0:47:00]} 26. Qd3 {[%clk 0:23:58]} Ra8 {[%clk 0:41:55]} 27. c4
{[%clk 0:22:15]} c6 {[%clk 0:21:03]} 28. Nc3 {[%clk 0:21:32]} Qa7
{[%clk 0:21:08]} 29. Kf3 {[%clk 0:19:15]} cxd5 {[%clk 0:17:15]} 30. Nxd5
{[%clk 0:19:31]} Rd8 {[%clk 0:09:30]} 31. Qb1 {[%clk 0:16:51]} Qf7
{[%clk 0:06:46]} 32. g4 {[%clk 0:16:12]} Rcc8 {[%clk 0:04:03]} 33. Rb7
{[%clk 0:11:19]} Rd7 {[%clk 0:04:21]} 34. Rb4 {[%clk 0:11:41]} Rcd8
{[%clk 0:02:55]} 35. Rb6 {[%clk 0:10:03]} h5 {[%clk 0:02:28]} 36. h3
{[%clk 0:10:05]} Kh7 {[%clk 0:02:19]} 37. Qb4 {[%clk 0:08:26]} Rc8
{[%clk 0:01:33]} 38. Qxa4 {[%clk 0:05:56]} Ra7 {[%clk 0:01:25]} 39. Ra6
{[%clk 0:05:57]} Rca8 {[%clk 0:01:37]} 40. Rxa7 {[%clk 0:05:13]} Qxa7
{[%clk 0:01:18]} 41. Qc6 {[%clk 0:05:03]} Qxa3+ {[%clk 0:01:23]} 42. Ne3
{[%clk 0:05:30]} Rb8 {[%clk 0:00:59]} 43. Qd5 {[%clk 0:05:27]} Rb3
{[%clk 0:01:08]} 44. Qd2 {[%clk 0:05:56]} Rd3 {[%clk 0:00:47]} 45. Qf2
{[%clk 0:06:06]} Qc1 {[%clk 0:00:44]} 46. gxh5 {[%clk 0:03:12]} Qh1+
{[%clk 0:00:38]} 47. Ke2 {[%clk 0:03:03]} Ra3 {[%clk 0:00:39]} 48. Nc2
{[%clk 0:00:44]} Qxe4+ {[%clk 0:00:51]} 49. Kd2 {[%clk 0:00:36]} Ra2
{[%clk 0:00:49]} 50. Kc3 {[%clk 0:00:47]} Qf4 {[%clk 0:00:37]} 51. Qg2
{[%clk 0:00:38]} Qxf5 {[%clk 0:00:50]} 52. Kb3 {[%clk 0:00:35]} Qxc2+
{[%clk 0:00:57]} 53. Qxc2+ {[%clk 0:00:59]} Rxc2 {[%clk 0:01:25]} 54. Kxc2
{[%clk 0:01:20]} Kh6 {[%clk 0:01:44]} 55. Kd3 {[%clk 0:01:33]} f5
{[%clk 0:02:09]} 56. Ke3 {[%clk 0:01:15]} Kxh5 {[%clk 0:02:34]} 57. Kf3
{[%clk 0:01:25]} g5 {[%clk 0:02:56]} 0-1

[Event "EYCC 2024 - G16"]
[Site "?"]
[Date "2024.08.28"]
[Round "6.6"]
[White "Mykhailets, Polina"]
[Black "Abdinova, Narmin"]
[Result "1/2-1/2"]
[BlackElo "2244"]
[WhiteElo "1907"]
[LiveChessVersion "1.4.8"]

1. e4 {[%clk 1:30:58]} Nf6 {[%clk 1:30:50]} 2. e5 {[%clk 1:31:16]} Nd5
{[%clk 1:31:15]} 3. d4 {[%clk 1:31:37]} d6 {[%clk 1:31:40]} 4. Nf3
{[%clk 1:32:01]} Bg4 {[%clk 1:31:43]} 5. Be2 {[%clk 1:32:20]} e6 {[%clk 1:31:52]}
6. O-O {[%clk 1:32:14]} Be7 {[%clk 1:30:42]} 7. c4 {[%clk 1:31:29]} Nb6
{[%clk 1:31:06]} 8. Nc3 {[%clk 1:31:23]} O-O {[%clk 1:30:39]} 9. Be3
{[%clk 1:28:18]} Nc6 {[%clk 1:15:30]} 10. exd6 {[%clk 1:20:55]} cxd6
{[%clk 1:15:05]} 11. b3 {[%clk 1:12:39]} d5 {[%clk 1:13:38]} 12. c5
{[%clk 1:09:10]} Nd7 {[%clk 1:12:15]} 13. a3 {[%clk 1:03:32]} a5 {[%clk 1:11:23]}
14. h3 {[%clk 0:56:11]} Bh5 {[%clk 1:09:00]} 15. g4 {[%clk 0:48:55]} Bg6
{[%clk 1:08:54]} 16. h4 {[%clk 0:48:13]} f5 {[%clk 0:54:41]} 17. Ng5
{[%clk 0:44:43]} Bxg5 {[%clk 0:47:06]} 18. Bxg5 {[%clk 0:44:45]} Nf6
{[%clk 0:47:22]} 19. h5 {[%clk 0:42:39]} Be8 {[%clk 0:45:21]} 20. gxf5
{[%clk 0:38:04]} h6 {[%clk 0:44:37]} 21. Bh4 {[%clk 0:31:27]} Ne7
{[%clk 0:45:02]} 22. fxe6 {[%clk 0:30:06]} Nf5 {[%clk 0:44:07]} 23. e7
{[%clk 0:18:56]} Nxe7 {[%clk 0:42:54]} 24. Bf3 {[%clk 0:14:52]} Kh8
{[%clk 0:39:05]} 25. Re1 {[%clk 0:12:50]} Nf5 {[%clk 0:37:38]} 26. Bg3
{[%clk 0:12:26]} Qd7 {[%clk 0:33:54]} 27. Kg2 {[%clk 0:11:03]} g5
{[%clk 0:24:27]} 28. Re5 {[%clk 0:09:23]} Bf7 {[%clk 0:24:36]} 29. Qd3
{[%clk 0:07:15]} Ng7 {[%clk 0:22:59]} 30. Rae1 {[%clk 0:06:30]} Rae8
{[%clk 0:16:24]} 31. Qb5 {[%clk 0:06:31]} g4 {[%clk 0:10:55]} 32. Bd1
{[%clk 0:06:41]} Ne6 {[%clk 0:10:27]} 33. Qxd7 {[%clk 0:05:36]} Nxd7
{[%clk 0:10:56]} 34. Nxd5 {[%clk 0:05:00]} Nxe5 {[%clk 0:07:09]} 35. Bxe5+
{[%clk 0:05:24]} Ng7 {[%clk 0:07:34]} 36. Nf6 {[%clk 0:05:25]} Rd8
{[%clk 0:06:42]} 37. Bd6 {[%clk 0:04:20]} Bxb3 {[%clk 0:04:31]} 38. Bxf8
{[%clk 0:03:37]} Bxd1 {[%clk 0:04:31]} 39. Rxd1 {[%clk 0:02:43]} Rxf8
{[%clk 0:04:45]} 40. Nxg4 {[%clk 0:02:58]} Nxh5 {[%clk 0:03:29]} 41. d5
{[%clk 0:02:42]} Nf4+ {[%clk 0:03:30]} 42. Kf1 {[%clk 0:02:32]} h5
{[%clk 0:02:43]} 43. Ne5 {[%clk 0:02:47]} Rf5 {[%clk 0:02:31]} 44. c6
{[%clk 0:01:40]} bxc6 {[%clk 0:01:27]} 45. dxc6 {[%clk 0:01:50]} Ne6
{[%clk 0:01:33]} 46. Rd5 {[%clk 0:01:08]} Kg7 {[%clk 0:01:30]} 47. Rxa5
{[%clk 0:01:18]} h4 {[%clk 0:00:43]} 48. Ra7+ {[%clk 0:01:27]} Kf6
{[%clk 0:00:58]} 49. c7 {[%clk 0:00:41]} Nxc7 {[%clk 0:01:24]} 50. Nd7+
{[%clk 0:01:03]} Ke6 {[%clk 0:01:48]} 51. Rxc7 {[%clk 0:01:28]} h3
{[%clk 0:01:59]} 52. Kg1 {[%clk 0:01:29]} Kd6 {[%clk 0:01:52]} 53. Rb7
{[%clk 0:01:11]} h2+ {[%clk 0:01:56]} 54. Kxh2 {[%clk 0:01:29]} Rxf2+
{[%clk 0:02:22]} 55. Kg3 {[%clk 0:01:45]} Rf7 {[%clk 0:02:13]} 56. Nc5
{[%clk 0:01:38]} Rxb7 {[%clk 0:02:23]} 57. Nxb7+ {[%clk 0:02:04]} Kc6
{[%clk 0:02:42]} 58. Na5+ {[%clk 0:02:13]} Kb5 {[%clk 0:03:03]} 59. Nb3
{[%clk 0:01:47]} Ka4 {[%clk 0:03:23]} 60. Nc5+ {[%clk 0:02:12]} Kxa3
{[%clk 0:03:48]} 1/2-1/2

[Event "EYCC 2024 - G16"]
[Site "?"]
[Date "2024.08.28"]
[Round "6.7"]
[White "Jankovic, Tamara"]
[Black "Sprzeczka, Emilia"]
[Result "0-1"]
[BlackElo "2149"]
[WhiteElo "1877"]
[LiveChessVersion "1.4.8"]

1. e4 {[%clk 1:30:57]} c5 {[%clk 1:30:54]} 2. Nf3 {[%clk 1:31:23]} d6
{[%clk 1:31:19]} 3. c3 {[%clk 1:31:47]} Nf6 {[%clk 1:31:39]} 4. h3
{[%clk 1:32:12]} Nc6 {[%clk 1:31:10]} 5. Bd3 {[%clk 1:32:35]} e5 {[%clk 1:31:27]}
6. O-O {[%clk 1:32:53]} g5 {[%clk 1:29:56]} 7. Nh2 {[%clk 1:30:27]} h5
{[%clk 1:23:37]} 8. Be2 {[%clk 1:19:31]} Nxe4 {[%clk 1:00:09]} 9. d3
{[%clk 1:12:39]} Nf6 {[%clk 0:54:46]} 10. Bxg5 {[%clk 1:09:59]} Be7
{[%clk 0:50:36]} 11. Bxf6 {[%clk 1:00:23]} Bxf6 {[%clk 0:51:00]} 12. Bxh5
{[%clk 1:00:39]} Be6 {[%clk 0:49:18]} 13. Nd2 {[%clk 0:51:36]} Qd7
{[%clk 0:47:08]} 14. Bg4 {[%clk 0:51:49]} Be7 {[%clk 0:45:22]} 15. Bxe6
{[%clk 0:52:07]} Qxe6 {[%clk 0:44:42]} 16. Qe2 {[%clk 0:48:43]} O-O-O
{[%clk 0:42:38]} 17. Rae1 {[%clk 0:39:05]} Rdg8 {[%clk 0:41:29]} 18. Kh1
{[%clk 0:30:08]} Rxg2 {[%clk 0:39:49]} 19. Qf3 {[%clk 0:30:22]} Rg6
{[%clk 0:38:26]} 20. Rg1 {[%clk 0:28:06]} Rgh6 {[%clk 0:36:23]} 21. Rg3
{[%clk 0:22:54]} f5 {[%clk 0:34:18]} 22. Qg2 {[%clk 0:20:11]} f4 {[%clk 0:26:05]}
23. Rf3 {[%clk 0:20:04]} Rg6 {[%clk 0:25:06]} 24. Qf1 {[%clk 0:19:49]} Qf5
{[%clk 0:22:10]} 25. Nc4 {[%clk 0:16:29]} Qg5 {[%clk 0:17:53]} 26. Nd2
{[%clk 0:12:28]} d5 {[%clk 0:15:52]} 27. c4 {[%clk 0:07:11]} d4 {[%clk 0:14:49]}
28. Ne4 {[%clk 0:06:17]} Qf5 {[%clk 0:14:40]} 29. Ng3 {[%clk 0:05:13]} Qd7
{[%clk 0:14:33]} 30. Ne4 {[%clk 0:04:23]} Nd8 {[%clk 0:14:17]} 31. Nxc5
{[%clk 0:01:13]} Bxc5 {[%clk 0:14:29]} 32. Rxe5 {[%clk 0:01:41]} Bd6
{[%clk 0:12:42]} 33. Rd5 {[%clk 0:01:57]} Ne6 {[%clk 0:10:43]} 34. b4
{[%clk 0:00:39]} Qc6 {[%clk 0:10:01]} 35. b5 {[%clk 0:00:57]} Qc7
{[%clk 0:10:23]} 36. Qe1 {[%clk 0:00:47]} Ng5 {[%clk 0:09:25]} 37. Qf1
{[%clk 0:00:36]} Nxf3 {[%clk 0:09:42]} 38. Nxf3 {[%clk 0:01:05]} Qd7
{[%clk 0:08:08]} 39. Kh2 {[%clk 0:01:16]} Rgh6 {[%clk 0:08:05]} 40. Ng5
{[%clk 0:01:32]} f3+ {[%clk 0:07:03]} 41. Kg1 {[%clk 0:02:01]} Rxh3
{[%clk 0:06:51]} 42. Nxh3 {[%clk 0:01:28]} Qg4+ {[%clk 0:07:16]} 0-1